History Quiz

Random History or Famous Quiz

Keep Calm and Make History Quiz Stats

 Plays Quiz Updated Nov 20, 2017

Score 0/18 Timer 04:00
1 Play Today
% Correct
The Beatles
92.1%
Muhammad Ali
90.8%
Rosa Parks
85.5%
Henry VIII
84.3%
Vincent van Gogh
83.5%
Napoleon Bonaparte
82.9%
Ronald Reagan
82.3%
Charles Darwin
80.1%
John Wilkes Booth
77.6%
% Correct
Marie Antoinette
76.7%
Eva Perón
74.4%
Charlie Chaplin
68%
Thomas Jefferson
65.9%
Alfred Nobel
65.8%
Julius Caesar
39.9%
Archimedes
36.5%
Mao Zedong
30.9%
Ada Lovelace
17.4%

You're not logged in!

Compare scores with friends on all Sporcle quizzes.
OR
Log In

You Might Also Like...

Show Comments

Extras

Top Quizzes Today


Score Distribution

Your Account Isn't Verified!

In order to create a playlist on Sporcle, you need to verify the email address you used during registration. Go to your Sporcle Settings to finish the process.

Report this User

Report this user for behavior that violates our Community Guidelines.

Details: